000 00254nam a22001217a 4500
008 260312b ||||| |||| 00| 0 eng d
041 _aeng
080 _a2.1
100 _a22
101 _akopju
245 _ainternational Conference
942 _2udc
_cBK
999 _c60892
_d60892